000 00561nam a2200193Ia 4500
003 OSt
005 20250428111106.0
008 210210b1992 xxu||||| |||| 00| 0 eng d
040 _cAL
041 _aKannada
082 _a330.15K PRAA
100 _aPRABHAKARA SHISHILA.
_dಪ್ರಭಾಕರ ಶಿಶಿಲ
_9168789
245 _aArthika chintanadhare.
_b ಆರ್ಥಿಕ ಚಿಂತನಧಾರೆ
260 _aMangalore
_bUnited publications
_c1992
300 _avi,596
690 _aEconomic Thought
_9168790
906 _a049445
942 _2ddc
_cBK
999 _c98452
_d98452